000 01133cam a2200313 4500
008 090401t1996 xxu||||| |||| 00| 0 eng d
020 _a0792396405
035 _a(Sirsi) u77725
041 _aeng
050 _a333.3370973
245 _aMegatrends in retail real estate.
260 _aBoston, Mass.
_bKluwer Academic
_c1996
300 _axiv,378p. ; 24cm.
350 _a85.25
490 _aResearch Issues in Real Estate
520 _aA collection of papers analysing the changes occuring in the Americanretail marketplace. Includes an examination of investment returns and securitisation as well as the operation of retail properties.
650 _aFORECASTING
650 _aREAL ESTATE
650 _aPROPERTY-COMMERCIAL PROPERTY-RETAIL PROPERTY-RETAIL PROPERTY MARKET
650 _aRETAIL PROPERTY
650 _aSECURITISATION
650 _aUNITED STATES
690 _aPROPERTY-COMMERCIAL PROPERTY-RETAIL PROPERTY
700 _aBenjamin, John D.
_xEditor
710 _aInternational Council of Shopping Centres
_92606
710 _aAmerican Real Estate Society
_93481
942 _n0
948 _c14/04/1997
999 _c96345
_d96345